ბათუმის შოთა რუსთაველის სახელმწიფო უნივერსიტეტის ბიბლიოთეკა

ხეხილის ბაღის გაშენება და მოვლა (ბიბ.ჩანაწერი № 44660)

000 -LEADER
fixed length control field 00680nam a2200205Ia 4500
001 - CONTROL NUMBER
control field 11463
003 - CONTROL NUMBER IDENTIFIER
control field GE_BSU
008 - FIXED-LENGTH DATA ELEMENTS--GENERAL INFORMATION
fixed length control field 181216s||||||||xx |||||||||||||| ||und||
040 ## - CATALOGING SOURCE
Transcribing agency GE_BSU
100 ## - MAIN ENTRY--PERSONAL NAME
Personal name ბუჩუკური,ა.
245 ## - TITLE STATEMENT
Title ხეხილის ბაღის გაშენება და მოვლა
245 ## - TITLE STATEMENT
Statement of responsibility, etc. რედ:ე.ხარაბაძე.
260 ## - PUBLICATION, DISTRIBUTION, ETC.
Place of publication, distribution, etc. თბილისი
260 ## - PUBLICATION, DISTRIBUTION, ETC.
Name of publisher, distributor, etc. საქ-ს სახ.გამ-ბა.
260 ## - PUBLICATION, DISTRIBUTION, ETC.
Date of publication, distribution, etc. 1948
300 ## - PHYSICAL DESCRIPTION
Extent 150გვ;20სმ.
300 ## - PHYSICAL DESCRIPTION
Other physical details ილ;ცხრ.
653 ## - INDEX TERM--UNCONTROLLED
Uncontrolled term ხეხილის ბაღის გაშენება და მოვლა
942 ## - ADDED ENTRY ELEMENTS (KOHA)
Koha item type წიგნი
ეგზემპლარები
Withdrawn status Lost status Damaged status Not for loan Date acquired Barcode Date last seen Price effective from Koha item type
        2018-12-17 20127 2018-12-17 2018-12-17 წიგნი